000 00531 a2200241 4500
260 _aParis
630 _a657 - Comptabilité
037 _b1, Achat
650 _a6 - SCIENCES APPLIQUEES
100 _aObert, Robert
260 _bDunod
245 _aPratique internationale de la comptabilité et de l'audit
300 _a307 p.
650 _aComptabilité
650 _aAudit
260 _c1994
300 _b24cm
100 _lFr
037 _aDe 8310
020 _a2 10 002214 8
999 _c41973
_d41973